书目信息 |
| 题名: |
睡眠革命
|
|
| 作者: | 利特尔黑尔斯 著 ;王敏 译 | |
| 分册: | ||
| 出版信息: | 贵阳 贵州科技出版社 2020.4 |
|
| 页数: | 230页 | |
| 开本: | 21cm | |
| 丛书名: | ||
| 单 册: | ||
| 中图分类: | R338.63 | |
| 科图分类: | ||
| 主题词: | 睡眠--基本知识 | |
| 电子资源: | ||
| ISBN: | 978-7-5532-0849-7 | |
| 000 | 01730nam0 2200325 45 | |
| 001 | 012001000047 | |
| 005 | 20140817102243.0 | |
| 010 | @a978-7-5532-0849-7@dCNY49.80 | |
| 099 | @aCAL 012020067502 | |
| 100 | @a20200623d2020 em y0chiy0110 ea | |
| 101 | 1 | @achi@ceng |
| 102 | @aCN@b520000 | |
| 105 | @ay z 000yy | |
| 106 | @ar | |
| 200 | 1 | @a睡眠革命@Ashui mian ge ming@d= Sleep@e如何让你的睡眠更高效@e新版@f(英)尼克·利特尔黑尔斯著@g王敏译@zeng |
| 210 | @a贵阳@c贵州科技出版社@d2020.4 | |
| 215 | @a230页@d21cm | |
| 300 | @a未读·生活家 | |
| 300 | @a其他题名:如何让你的睡眠更高效 | |
| 312 | @a英文题名取自版权页 | |
| 314 | @a尼克·利特尔黑尔斯,英超曼联御用运动睡眠教练,英国睡眠协会前任会长,从事睡眠科学研究超过30年,所提出的R90睡眠方案,获得了体育界和商界专业人士的一致认同,被视为是获得高质量睡眠的理想方案。他曾为包括NBA、英国天空车队,英超足球联赛选手和奥运会金牌得主在内的诸多团队和运动员提供咨询服务和长期合作,大卫·贝克汉姆、瑞恩·吉格斯、保罗·斯科尔斯、尼基·巴特和内维尔兄弟等体育名将,都是其睡眠方案的获益者。 | |
| 330 | @a本书作者公开R90方案,提出修复睡眠的七大关键指标——了解昼夜节律,找到你的睡眠类型,规划你的睡眠周期,做好睡眠前后例行程序,感受日间小睡的神奇力量,找到最适合你的寝具以及改善睡眠环境。只要坚持执行这些指标,你的睡眠质量就会在7个星期内获得飞跃式的改善,实现最大限度的身心修复。 | |
| 500 | 10 | @aSleep:redefine your rest, for success in work, sport and life@mchinese |
| 517 | 1 | @a如何让你的睡眠更高效@Aru he rang ni de shui mian geng gao xiao |
| 606 | 0 | @a睡眠@x基本知识 |
| 690 | @aR338.63@v5 | |
| 701 | 0 | @a利特尔黑尔斯@Ali te er hei er si@g(Littlehales, Nick)@4著 |
| 702 | 0 | @a王敏@AWang Min@4译 |
| 801 | @aCN@bAHXH@c20210922 | |
| 905 | @b1361224-8@dR338.63@e383@f5 | |
| 睡眠革命= Sleep:如何让你的睡眠更高效:新版/(英)尼克·利特尔黑尔斯著/王敏译.-贵阳:贵州科技出版社,2020.4 |
| 230页;21cm |
| 未读·生活家.-其他题名:如何让你的睡眠更高效 |
| ISBN 978-7-5532-0849-7:CNY49.80 |
| 本书作者公开R90方案,提出修复睡眠的七大关键指标——了解昼夜节律,找到你的睡眠类型,规划你的睡眠周期,做好睡眠前后例行程序,感受日间小睡的神奇力量,找到最适合你的寝具以及改善睡眠环境。只要坚持执行这些指标,你的睡眠质量就会在7个星期内获得飞跃式的改善,实现最大限度的身心修复。 |
| ● |
| 相关链接 |
|
|
|
|
正题名:睡眠革命
索取号:R338.63/383
 
预约/预借
| 序号 | 登录号 | 条形码 | 馆藏地/架位号 | 状态 | 备注 |
| 1 | 1361224 | 213612241 | 第二样本阅览室/ [索取号:R338.63/383] | 在馆 | |
| 2 | 1361225 | 213612250 | 教育系资料室/ [索取号:R338.63/383] | 在馆 | |
| 3 | 1361226 | 213612269 | 教育系资料室/ [索取号:R338.63/383] | 在馆 | |
| 4 | 1361227 | 213612278 | 第三借阅区/ [索取号:R338.63/383] | 在馆 | |
| 5 | 1361228 | 213612287 | 第三借阅区/ [索取号:R338.63/383] | 在馆 |